000 01006nam a22003137a 4500
001 BR0102134
003 BR-BrBNA
005 20230928100848.0
007 ta
008 230509b bl.||||| |||| 00| 0 por d
040 _aBR-BrBNA
_bpor
_cBiblioteca Nacional de Agricultura
041 _a(Por)
072 _aL73
_b6100
_b4150
090 _ 6100 BR0102134
100 1 _aRocha, F.R.T.
110 1 _aUniversidade Federal de Minas Gerais, Belo Horizonte (Brasil). Escola de Veterinaria
_0Tese (Mestre em Medicina Veterinaria)
245 1 _aProducao e caracterizacao de anticorpos monoclonais contra a glicoproteina S1 do virus da bronquite infecciosa das galinhas
260 3 _aBelo Horizonte, MG (Brasil):
_c2000.
300 _a31 p.
500 _aSummaries (Eng, Por); Biblioghraphy p. 28-31
650 _aGalinha
650 _aBronquite
650 _aAnticorpo
650 _aGlicoproteina
650 _aVirus
650 _aAntigeno
909 _a202309
_bLucia
_c55
_dLucia Elande
942 _cBK
999 _c63143
_d63143